| 000 | 01995nam a2200409 4500 | ||
|---|---|---|---|
| 001 | 174249 | ||
| 003 | ES-MaACL | ||
| 005 | 20250806063138.0 | ||
| 008 | 100315s2008 sp aeo |||| |bspa d | ||
| 017 |
_aM 19867-2008 _bOficina Depósito Legal Madrid |
||
| 020 | _a978-84-451-3131-2 | ||
| 080 | _a821.134.2 Pérez Galdós, Benito 1.07 | ||
| 080 | _a913(460.27 M.)(0:82) | ||
| 100 | 1 |
_aGarcía-Posada, Miguel, _d1944-2012 _eaut _955131 |
|
| 245 | 1 | 0 |
_aGuía del Madrid galdosiano / _cMiguel García-Posada |
| 250 | _a2ª ed. | ||
| 260 |
_aMadrid : _bConsejería de Educación, _c2008 |
||
| 300 |
_a141 páginas : _bilustraciones (blanco y negro y color), planos ; _c20 cm |
||
| 490 | 1 |
_aBiblioteca madrileña de bolsillo _v21 _9189358 |
|
| 490 | 1 |
_aGuías culturales _9241579 |
|
| 500 | _aÍndices | ||
| 504 | _aBibliografía: página 133 | ||
| 520 | _aEstudio sobre el corazón del Madrid galdosiano, visto desde la actualidad y descrito recurriendo a los propios términos que utilizó el novelista en sus obras. La antología de textos se acompaña de comentarios, e ilustraciones de época y de hoy, así como de varias propuestas didácticas y de rutas a recorrer. La información cartográfica permite elaborar una topografía del Madrid galdosiano | ||
| 530 | _aDisponible en formato digital | ||
| 600 | 1 | 4 |
_aPérez Galdós, Benito, _d1843-1920- _xCrítica e interpretación _990875 |
| 650 | 7 |
_aRutas literarias- _zMadrid _9138068 |
|
| 651 | 7 |
_aMadrid- _xEn la literatura _9138069 |
|
| 651 | 4 |
_aMadrid- _xDescripción- _yS.XIX _98954 |
|
| 710 | 1 |
_aMadrid (Comunidad Autónoma). _bConsejería de Educación. _95600 |
|
| 830 | 0 |
_aBiblioteca madrileña de bolsillo _v21 _9189358 |
|
| 830 | 0 |
_aGuías culturales _9241579 |
|
| 852 | 4 |
_aES-MaACL _cHEM _jN-3410 |
|
| 856 | 4 |
_uhttps://gestiona3.madrid.org/bvirtual/BVCM001795.pdf _yVersión en línea _z(PublicaMadrid) |
|
| 942 |
_2udc _cMONOGRAFIA _n0 |
||
| 999 |
_c174249 _d174249 |
||